LEADER 00848nam a2200229 i 4500 001 000000160293 003 CaOOAMICUS 005 20070315000000.0 008 070315s1968 it u000 u ita u 013 $a137656 040 $aSeMil$bita 100 1 $aKeats, John,$d<1795-1821>.$0(OLS)http://semarc/name/18564 245 10$aIperione e altri scritti poetici /$cJohn Keats. 260 $aMilano :$bRizzoli,$c1968. 300 $a162 p. ;$c16 cm. 490 0 $aBUR ;$v2467.-2468 830 0$aBUR ;$v2467.-2468.$0(OLS)http://semarc/title/17764 850 $aSeMil 852 $aSeMil$W1$xVenegono$y1$m1U I 92$j111768$B111768$CSeMilBibl$Z2$F121937 $81 961 $aOmaggio: De Grandi don Marcello 996 $6245$aIperione e altri scritti poetici$9(OLS)http://semarc/title/142831 996 $6260$aMilano :$bRizzoli$9(OLS)http://semarc/publisher/29824 LEADER 01156nam a2200253 i 4500 001 000000019430 003 CaOOAMICUS 005 20250603165854.0 008 180830s19711974it u000 u ita u 040 $aSeMil$bita 245 03$aLa letteratura italiana. 260 $aFirenze :$bSansoni ;$aMilano :$bAccademia,$c1971-1974. 300 $a4 v. ;$c20 cm. 490 1 $aLe letterature del mondo ;$v1 650 4$aLetteratura italiana.$0(OLS)http://semarc/subject/399 774 0 $aBattaglia, Salvatore <1904-1971>$t1: Medioevo e Umanesimo.$gTomo1$w()170969 774 0 $aBattaglia, Salvatore <1904-1971>$t2: Rinascimento e Barocco.$gTomo2$w()170970 774 0 $aConsoli, Domenico$t3: Arcadia, Illuminismo, Romanticismo.$gTomo3$w()170975 774 0 $aContini, Gianfranco <1912-1990>$t4: Otto-Novecento.$gTomo4$w()170977 830 3$aLe letterature del mondo ;$v1.$0(OLS)http://semarc/title/8394 996 $6245$aLa letteratura italiana$9(OLS)http://semarc/title/23332 996 $6260$aFirenze :$bSansoni$9(OLS)http://semarc/publisher/29843 996 $6260$aMilano :$bAccademia$9(OLS)http://semarc/publisher/30912